Logo BPK

Biblioteka

Politechniki Koszalińskiej

Gwałt i perswazja : (Rekord nr 1936)

Szczegóły MARC
000 -ETYKIETA REKORDU
podpole kontrolne o stałej długości 00464nam a2200157 i 4500
001 - NUMER KONTROLNY REKORDU
pole kontrolne bg
040 ## - ŹRÓDŁO KATALOGOWANIA
Instytucja, która utworzyła rekord BPK
041 ## - KOD JĘZYKA
Kod języka tekstu pol
080 ## - UNIWERSALNA KLASYFIKACJA DZIESIĘTNA - UKD
UKD 323(438)"19"
008 - POLE O STAŁEJ DŁUGOŚCI - DANE KONTROLNE
podpole kontrolne o stałej długości s pl f |000 0 pol
245 #0 - TYTUŁ/ODPOWIEDZIALNOŚĆ
Tytuł Gwałt i perswazja :
Ciąg dalszy tytułu antologia publicystyki z lat 1981-1983 /
Pozostałe elementy strefy tytułu i oznaczenia odpowiedzialności wybór i słowo wstępne Jerzy Adamski.
260 ## - STREFA ADRESU WYDAWNICZEGO
Miejsce wydania Warszawa,
Data publikacji, dystrybucji/powstania dokumentu 1983
Miejsce wydania Państ. Instytut Wydawniczy.
300 ## - STREFA OPISU FIZYCZNEGO
Objętość 319 s. ;
Rozmiary 20 cm.
700 1# - HASŁO DODATKOWE - NAZWA OSOBOWA
Nazwa osobowa Adamski, Jerzy.
Określenie związku między hasłem a opisywanym materiałem Oprac.
856 ## - LOKALIZACJA I DOSTĘP DO ELEKTRONICZNYCH DOKUMENTÓW ZDALNYCH
Link (URL) http://koha.tu.koszalin.pl/cgi-bin/koha/opac-detail.pl?biblionumber=1936
Tekst linku Katalog online BPK
942 ## - DODATKOWE ELEMENTY (KOHA)
Typ dokumentu Książka
Egzemplarze
Wycofany Status egzemplarza Uszkodzony Dostępność Lokalizacja stała Lokalizacja bieżąca Miejsce przechowywania Sygnatura Kod kreskowy Typ dokumentu
      Dostępny Biblioteka Politechniki Koszalińskiej Biblioteka Politechniki Koszalińskiej Wypożyczalnia BG P 32612 01973839 Książka
© 2023 Biblioteka Politechniki Koszalińskiej :: KOHA